000
00286nam a22001337a 4500
008
170601b xxu||||| |||| 00| 0 eng d
020
_a
0155025988
041
_a
eng
080
_a
94(7/8)
100
_a
17
101
_a
shh
245
_a
THE AMERICANS
_c
BEDFORD, H.F
942
_2
udc
_c
BK
999
_c
15518
_d
15518